| 000 | 00692nam a2200253Ia 4500 | ||
|---|---|---|---|
| 003 | OSt | ||
| 005 | 20221007110613.0 | ||
| 006 | a|||||r|||| 00| 0 | ||
| 007 | ta | ||
| 008 | 221006b |||||||| |||| 00| 0 eng d | ||
| 024 | _a21,437 | ||
| 037 | _cTextual | ||
| 040 |
_aLCO _cLCO _beng |
||
| 041 |
_2eng _aeng |
||
| 082 | _aX8(A):979D-W, L9 | ||
| 100 |
_aH.L. Kumar Ed. _9704792 |
||
| 245 | 0 | _aManagement Guide to Strikes & Lock Outs | |
| 250 | _a1st | ||
| 260 |
_aNew _bDelhi Metropolitan Book Co. Pvt. Ltd. India _c1979 |
||
| 300 | _a191 | ||
| 650 |
_aMANAGEMENT GUIDE _9707715 |
||
| 942 |
_hX8(A):979D-W, L9 _cTEXL |
||
| 999 |
_c1191000 _d1191000 |
||